<?xml version="1.0" encoding="UTF-8"?>
<marc:record xmlns:marc="http://www.loc.gov/MARC21/slim">
   <marc:leader>00000nam a2200000 a 4500</marc:leader>
   <marc:datafield ind1="1" ind2=" " tag="100">
      <marc:subfield code="a">Denk, Roland</marc:subfield>
      <marc:subfield code="4">aut</marc:subfield>
      <marc:subfield code="e">Verfasser/-in</marc:subfield>
   </marc:datafield>
   <marc:datafield ind1=" " ind2=" " tag="653">
      <marc:subfield code="a">Segeln</marc:subfield>
   </marc:datafield>
   <marc:datafield ind1=" " ind2=" " tag="653">
      <marc:subfield code="a">Softcover</marc:subfield>
   </marc:datafield>
   <marc:datafield ind1=" " ind2=" " tag="653">
      <marc:subfield code="a">Karte</marc:subfield>
   </marc:datafield>
   <marc:datafield ind1="0" ind2="0" tag="245">
      <marc:subfield code="a">Handbuch Segeln</marc:subfield>
   </marc:datafield>
   <marc:datafield ind1="0" ind2="0" tag="245">
      <marc:subfield code="c">Roland Denk. Unter Mitarb. von Uli Finckh ...</marc:subfield>
   </marc:datafield>
   <marc:datafield ind1=" " ind2="1" tag="264">
      <marc:subfield code="a">Bielefeld</marc:subfield>
      <marc:subfield code="b">Delius Klasing</marc:subfield>
      <marc:subfield code="c">2004</marc:subfield>
   </marc:datafield>
   <marc:datafield ind1=" " ind2=" " tag="250">
      <marc:subfield code="a">1. Aufl.</marc:subfield>
   </marc:datafield>
   <marc:datafield ind1="1" ind2=" " tag="520">
      <marc:subfield code="a">Das ?Handbuch Segeln? ist mittlerweile ein Klassiker. Ein moderner Klassiker: reich illustriert mit Farbfotos und mehrfarbigen, anschaulichen Zeichnungen. Und mit einer Themenvielfalt, die dem Titel ?Handbuch? in jeder Beziehung gerecht wird. Aus dem Inhalt ? um nur die zentralen Themenbereiche zu nennen:  Der Segelsport ? Geschichte, Organisationen, Gebräuche  Bootskunde (Bootsbau, Segel, Tauwerk, Anker, Bootsklassen)  Seemännische Arbeiten (Knoten, Spleißen, Bootspflege und -reparaturen)  Segeltheorie und Segeltrimm  Segelpraxis (Manöver, Trapez- und Spinnakersegeln, Kentern)  Sicherheit (Ausrüstung, Feuer an Bord, Sturm abwettern, Bordapotheke)  Wettsegeln  Wetterkunde für Segler  Navigation (terrestrisch und astronomisch, Gezeiten) Roland Denk ist ein äußerst kompetenter Autor: 35 Jahre lang hat er das Segelzentrum der Münchner Hochschulen geleitet. Dass er aktiv den Fahrten-, Hochsee- und Regattasegelsport betrieben hat, spricht ebenfalls dafür, dass er sein Thema beherrscht.</marc:subfield>
   </marc:datafield>
   <marc:datafield ind1=" " ind2=" " tag="020">
      <marc:subfield code="a">9783768815567</marc:subfield>
      <marc:subfield code="9">9783768815567</marc:subfield>
   </marc:datafield>
   <marc:datafield ind1=" " ind2=" " tag="020">
      <marc:subfield code="a">3768815560</marc:subfield>
      <marc:subfield code="9">3768815560</marc:subfield>
   </marc:datafield>
   <marc:datafield ind1=" " ind2=" " tag="041">
      <marc:subfield code="a">ger</marc:subfield>
   </marc:datafield>
   <marc:datafield ind1=" " ind2=" " tag="300">
      <marc:subfield code="a">472 S.</marc:subfield>
   </marc:datafield>
</marc:record>
